মধ্যযুগে বাংলা / (Record no. 2676)

MARC details
000 -LEADER
fixed length control field 00931nam a22002177a 4500
003 - CONTROL NUMBER IDENTIFIER
control field BD-DhJNU
005 - DATE AND TIME OF LATEST TRANSACTION
control field 20260415042130.0
008 - FIXED-LENGTH DATA ELEMENTS--GENERAL INFORMATION
fixed length control field 260415b |||||||| |||| 00| 0 eng d
020 ## - INTERNATIONAL STANDARD BOOK NUMBER
International Standard Book Number 9789849727569
040 ## - CATALOGING SOURCE
Original cataloging agency BD-DhJNU
Language of cataloging Ben
Transcribing agency BD-DhJNU
Modifying agency BD-DhJNU
082 ## - DEWEY DECIMAL CLASSIFICATION NUMBER
Edition number 23
Classification number 954.1402
100 ## - MAIN ENTRY--PERSONAL NAME
Personal name সরকার, যদুনাথ
242 ## - TRANSLATION OF TITLE BY CATALOGING AGENCY
Title Bengal in the middle ages /
Statement of responsibility, etc. Jadunath Sarkar
245 ## - TITLE STATEMENT
Title মধ্যযুগে বাংলা /
Statement of responsibility, etc. যদুনাথ সরকার
260 ## - PUBLICATION, DISTRIBUTION, ETC.
Place of publication, distribution, etc. ঢাকা :
Name of publisher, distributor, etc. দিব্যপ্রকাশ,
Date of publication, distribution, etc. 2023.
300 ## - PHYSICAL DESCRIPTION
Extent ১৭৫ পৃ. :
Dimensions ২২ সেমি.।
504 ## - BIBLIOGRAPHY, ETC. NOTE
Bibliography, etc. note গ্রন্থপঞ্জিগত নির্দেশিকা ও নিঘন্ট অন্তভূক্ত
650 ## - SUBJECT ADDED ENTRY--TOPICAL TERM
Topical term or geographic name entry element Mughal Empire -- Bengal -- History
650 ## - SUBJECT ADDED ENTRY--TOPICAL TERM
Topical term or geographic name entry element মুঘল সাম্রাজ্য -- বাংলা -- ইতিহাস
942 ## - ADDED ENTRY ELEMENTS (KOHA)
Source of classification or shelving scheme Dewey Decimal Classification
Koha item type Books
Suppress in OPAC No
Holdings
Withdrawn status Lost status Source of classification or shelving scheme Damaged status Not for loan Collection Home library Current library Shelving location Date acquired Source of acquisition Total checkouts Full call number Barcode Date last seen Copy number Price effective from Koha item type
    Dewey Decimal Classification     Non-fiction Jagannath University Central Library Jagannath University Central Library General stacks 04/15/2026 Purchase   954.1402 SAB JNUCL36214 04/15/2026 1 04/15/2026 Books